000 00401nam a2200133Ia 4500
008 231129s9999||||xx |||||||||||||| ||spa||
020 _a968-451-381-X
040 _bspa
082 _a657.42 B139co
100 _aBacker Morton
245 0 _aContabilidad de costos : Un enfoque administrativo para la toma de decisiones
264 _aMcGraw-Hill
942 _2ddc
_cBKS
999 _c8002
_d8002